[Event "Hastings Masters op 98th"]
[Site "Hastings"]
[Date "2025.01.03"]
[Round "9"]
[White "Prudent, Sylvio"]
[Black "Han, Yongsu"]
[Result "1-0"]
[WhiteElo "1780"]
[BlackElo "1718"]
[PlyCount "123"]
[EventDate "2024.12.28"]
[EventType "swiss"]
[EventRounds "9"]
[EventCountry "ENG"]
[SourceTitle "CB02_2025"]
[SourceDate "2025.01.08"]
[SourceVersion "1"]
[SourceVersionDate "2025.01.08"]
[SourceQuality "1"]

1. Nf3 d5 2. b3 c5 3. Bb2 Nf6 4. e3 e6 5. d4 Bd6 6. Bd3 Nc6 7. 0-0 Qc7 8. a3 e5 9. dxe5 Nxe5 10. Bb5+ Bd7 11. Bxd7+ Kxd7 12. Nc3 Nxf3+ 13. Qxf3 Bxh2+ 14. Kh1 Be5 15. Nxd5 Nxd5 16. Qxd5+ Bd6 17. Be5 Rae8 18. Qxf7+ Kc8 19. Qxc7+ Bxc7 20. Bxg7 Re6 21. g3 Rg8 22. Bc3 h5 23. Rg1 Re4 24. g4 hxg4 25. Rae1 g3 26. f4 Re6 27. Kg2 c4 28. b4 Bb6 29. Kf3 Rge8 30. Bd2 c3 31. Bc1 Bd8 32. Kxg3 Rh6 33. Rh1 Rg8+ 34. Kf3 Rhg6 35. Ke4 Rg2 36. Kd3 Bf6 37. Rh6 Bg7 38. Rhh1 Rd8+ 39. Kc4 Rxc2 40. Kb3 Rg2 41. Rhg1 Rxg1 42. Rxg1 Bf6 43. e4 Bd4 44. Rd1 b5 45. f5 Be5 46. Rxd8+ Kxd8 47. Be3 a6 48. Bf2 Kd7 49. Be1 Kd6 50. Bxc3 Bf4 51. Kc2 Bh2 52. Kd3 Bf4 53. Bb2 Bg3 54. Ke3 Bh2 55. Kf3 Ke7 56. e5 Bg1 57. Ke4 Bb6 58. Kd5 Bd8 59. f6+ Ke8 60. e6 a5 61. f7+ Ke7 62. Bf6+ 1-0

[Event "Hastings Masters op 98th"]
[Site "Hastings"]
[Date "2024.12.30"]
[Round "4"]
[White "Wilson, Matthew R"]
[Black "Prudent, Sylvio"]
[Result "0-1"]
[WhiteElo "1766"]
[BlackElo "1780"]
[PlyCount "80"]
[EventDate "2024.12.28"]
[EventType "swiss"]
[EventRounds "9"]
[EventCountry "ENG"]
[SourceTitle "CB02_2025"]
[SourceDate "2025.01.08"]
[SourceVersion "1"]
[SourceVersionDate "2025.01.08"]
[SourceQuality "1"]

1. e4 d6 2. Nc3 Nf6 3. f4 g6 4. Bc4 Bg7 5. Nf3 Nxe4 6. Bxf7+ Kxf7 7. Nxe4 Rf8 8. 0-0 Kg8 9. d4 Bf5 10. Ng3 Bg4 11. c3 Qc8 12. d5 e5 13. dxe6 Qxe6 14. Qd3 Nc6 15. Bd2 Rae8 16. h3 Bxf3 17. Rxf3 Qd7 18. Kh2 Ne7 19. Re1 d5 20. f5 c6 21. fxg6 Nxg6 22. Rxf8+ Rxf8 23. Kg1 Be5 24. Ne2 Bc7 25. Rf1 Bh2+ 26. Kxh2 Rxf1 27. Ng3 Rf7 28. Nh5 Qf5 29. Qe2 Re7 30. Qd1 Qe5+ 31. Ng3 h5 32. Qc2 Re6 33. Qf5 Qxf5 34. Nxf5 Re2 35. Be3 Rxb2 36. Nd6 Nh4 37. Bxa7 Rxg2+ 38. Kh1 Rxa2 39. Bd4 Nf3 40. Bg1 Ra1 0-1

[Event "Hastings Weekend op-B"]
[Site "Hastings"]
[Date "2024.01.06"]
[Round "1"]
[White "Moore, Garfield"]
[Black "Prudent, Sylvio"]
[Result "1-0"]
[WhiteElo "1480"]
[BlackElo "1639"]
[PlyCount "127"]
[EventDate "2024.01.06"]
[EventType "swiss"]
[EventRounds "5"]
[EventCountry "ENG"]
[SourceTitle "CBM 218 Extra"]
[Source "ChessBase"]
[SourceDate "2024.03.31"]
[SourceVersion "1"]
[SourceVersionDate "2024.03.31"]
[SourceQuality "1"]

1. d4 f5 2. c4 e6 3. Nc3 Nf6 4. Bg5 Be7 5. g3 c6 6. Bg2 d5 7. Nf3 0-0 8. 0-0 Bd6 9. a4 a5 10. c5 Bc7 11. Ne5 Nbd7 12. Bxf6 Qxf6 13. f4 Qh6 14. Nxd7 Bxd7 15. e3 g5 16. Ne2 g4 17. Nc1 Rf6 18. Nd3 Qg7 19. Ra3 Raf8 20. Rb3 Bc8 21. Kf2 h5 22. Rh1 h4 23. Qe1 Rh6 24. Ke2 Kf7 25. Ra3 Rfh8 26. Nf2 hxg3 27. hxg3 Rxh1 28. Nxh1 Rh2 29. Kf2 Qh8 30. Kg1 Rh7 31. b4 axb4 32. Qxb4 Kg6 33. Nf2 Qf8 34. a5 Qh6 35. Nh1 Qf8 36. Ra2 Qh8 37. Nf2 Qf8 38. Qb1 Qh6 39. Nh1 Qf8 40. Qc2 Qh8 41. Nf2 Qf8 42. Nxg4 Qg8 43. Nh2 Kf6 44. Nf1 Qg4 45. Kf2 Qg8 46. Kg1 Rg7 47. Ra1 Qd8 48. Qd2 Qh8 49. Bf3 Rh7 50. Ra2 Bd7 51. a6 bxa6 52. Rxa6 Qb8 53. Qa2 Qb4 54. Ra4 Qe1 55. Qd2 Qb1 56. Rb4 Qa1 57. Kf2 Bc8 58. Qb2 Qa5 59. Bd1 Qa8 60. Ra4 Ba5 61. Qb6 Bxb6 62. Rxa8 Bb7 63. Rf8+ Ke7 64. Rb8 1-0

[Event "FRA-ch op-C"]
[Site "Nimes"]
[Date "2018.08.25"]
[Round "8"]
[White "Prudent, Sylvio"]
[Black "Lamarque, Damien"]
[Result "1-0"]
[WhiteElo "1709"]
[BlackElo "1720"]
[PlyCount "129"]
[EventDate "2018.08.18"]
[EventType "swiss"]
[EventRounds "9"]
[EventCountry "FRA"]
[SourceTitle "EXT 2020"]
[Source "ChessBase"]
[SourceDate "2019.10.17"]
[SourceVersion "1"]
[SourceVersionDate "2019.10.17"]
[SourceQuality "1"]

1. Nf3 d5 2. b3 c5 3. Bb2 e6 4. e3 Nf6 5. Be2 Be7 6. 0-0 0-0 7. Ne5 Nfd7 8. f4 Nxe5 9. Bxe5 Nc6 10. Bb2 d4 11. e4 b6 12. d3 g5 13. Bh5 f5 14. exf5 exf5 15. fxg5 Bxg5 16. Qf3 Qd6 17. Na3 Ba6 18. Rae1 Ne7 19. Nc4 Bxc4 20. dxc4 Ng6 21. Bc1 Bxc1 22. Rxc1 Rae8 23. Rce1 Rxe1 24. Rxe1 Kg7 25. Qd3 Rf7 26. Rf1 Qe5 27. h3 Qe4 28. Rf3 Rf6 29. Qd2 Qh4 30. Bxg6 hxg6 31. Qf2 Qe4 32. Rd3 Re6 33. Qg3 Qe2 34. Qc7+ Re7 35. Qd6 Qe1+ 36. Kh2 Qe5+ 37. Qxe5+ Rxe5 38. Rd2 Re3 39. Kg1 Kf6 40. Kf2 f4 41. Rd3 Ke5 42. a4 Ke4 43. Rd2 g5 44. Re2 d3 45. cxd3+ Kxd3 46. Rxe3+ fxe3+ 47. Ke1 Kc3 48. g3 Kxb3 49. h4 gxh4 50. gxh4 Kxa4 51. h5 Kb4 52. h6 Kxc4 53. h7 a5 54. h8Q b5 55. Qh4+ Kb3 56. Qg5 Kb4 57. Qxe3 a4 58. Kd2 c4 59. Kc2 a3 60. Qc3+ Ka4 61. Kb1 b4 62. Qxc4 Ka5 63. Ka2 Kb6 64. Qxb4+ Kc6 65. Kxa3 1-0

[Event "Martinique-ch"]
[Site "Fort de France"]
[Date "2012.05.18"]
[Round "3.8"]
[White "Prudent, Sylvio"]
[Black "Bagghi, Youri"]
[Result "0-1"]
[WhiteElo "1450"]
[BlackElo "1720"]
[PlyCount "88"]
[EventDate "2012.05.??"]
[EventType "swiss"]
[EventRounds "9"]
[EventCountry "MFR"]
[SourceTitle "EXT 2014"]
[Source "ChessBase"]
[SourceDate "2013.11.20"]
[SourceVersion "1"]
[SourceVersionDate "2013.11.20"]
[SourceQuality "1"]

1. e4 c5 2. Nf3 d6 3. d4 cxd4 4. Nxd4 Nf6 5. Nc3 g6 6. h4 Nc6 7. Bg5 Bg7 8. Bb5 Bd7 9. Nxc6 Bxc6 10. Bxc6+ bxc6 11. 0-0 0-0 12. Re1 Rb8 13. Rb1 Re8 14. b3 Qa5 15. Qd3 Nd7 16. Bd2 Ne5 17. Qg3 Rb7 18. Rbd1 Qb6 19. Na4 Qc7 20. h5 Nd7 21. h6 Be5 22. Bf4 Bh8 23. Bd2 Nb6 24. Ba5 Qb8 25. Nxb6 axb6 26. Bc3 f6 27. Qd3 Kf8 28. Qc4 b5 29. Qd4 Qa7 30. Qxa7 Rxa7 31. Ra1 Rea8 32. f3 Rxa2 33. Rxa2 Rxa2 34. Re2 c5 35. Kf2 b4 36. Be1 f5 37. exf5 gxf5 38. Ke3 Be5 39. g4 f4+ 40. Ke4 Kf7 41. g5 Ra1 42. Bh4 Rd1 43. Rg2 Ke6 44. Bf2 d5# 0-1